000 00741nam a22001337a 4500
040 _cRUA
082 _aFIS CHR 2021 B473 Or.
100 _aCHROENG CHANTHA ច្រឹង​ ចន្ថា
245 _a ASSESSING THE SPECIES, ABUNDANCE, DISTRIBUTION AND DIVERSITY OF SEAGRASS IN COMMUNITY FISHERIES AREA, KAMPOT PROVINCE. ការវាយតម្លៃលើប្រភេទ ភាពសម្បូរបែប​ និងរបាយស្មៅសមុទ្រក្នុងដែនសហគមន៍នេសាទខេត្តកំពត
260 _aPhnom Penh
_bRUA
_c2021
300 _aXIV.53P
_bX.
_c29CM
856 _uhttps://drive.google.com/file/d/1SuAMBpRx1p3WITgWuDzZqy9hDSMMiq-G/view?usp=sharing
942 _cFIS
999 _c22597
_d22597